| 000 | 00722pam a22001931i 4500 | ||
|---|---|---|---|
| 020 | _a0882759612 (v. I) | ||
| 082 | 0 | 0 |
_a620.196 _bHOI _cD. |
| 100 | 1 |
_aHoiberg, Arnold John, _940930 |
|
| 245 | 1 | 0 |
_aBituminous materials : _basphalts, tars, and pitches _cedited by Arnold J. Hoiberg. |
| 260 |
_aHuntington, N.Y. : _bR. E. Krieger Pub. Co., _c1979- c1964- |
||
| 300 | _a xiii, 432p. cm. | ||
| 500 | _aCataloging based on CIP information. | ||
| 500 | _aReprint of the ed. published by Wiley, New York. | ||
| 505 | 0 | _av. 1. General aspects.--v. 2. Asphalts.--v. 3. Coal tars and pitches. | |
| 526 |
_a0 _b0 _c0 _d620_196000000000000_HOI |
||
| 650 | 0 |
_aBituminous materials. _921270 |
|
| 650 | 0 |
_aMCE _9379 |
|
| 942 |
_2ddc _cBK |
||
| 999 |
_c545149 _d545149 |
||